000 00393nam a22001697a 4500
020 _a9966802126
050 _aQA76.3
_b.O69
100 _aOnunga, John
245 _aComputer Studies
250 _a4th Edition Book Four
260 _aNairobi
_bMarwa Publishers Ltd
_c2005
300 _a169p.
500 _aIncludes Index
650 _bComputer Studies
700 _aRenu Shah
942 _cGEN
999 _c2646
_d2646